| 000 | 00000nam 2200000za 4500 |
| 001 | 9.590244 |
| 003 | CaOODSP |
| 005 | 20210624200031 |
| 007 | cr ||||||||||| |
| 008 | 150406s2002 xxc|||||o f|0| 0 fre d |
| 020 | |a0-662-66258-X |
| 040 | |aCaOODSP|bfre |
| 041 | |aeng |
| 041 | |afre |
| 043 | |an-cn--- |
| 086 | 1 |aS52-2/249-2002-IN |
| 110 | 1 |aCanada.|bTravaux publics et Services gouvernementaux Canada.|bBureau de la traduction. |
| 245 | 10|aLexique de la Stratégie d'information financière (SIF) |h[ressource électronique]. |
| 260 | |aOttawa : |bTravaux publics et Services gouvernementaux Canada, |c2002. |
| 300 | |a128 p. |
| 490 | 1 |aBulletin de terminologie ; |vN° 249 |
| 500 | |a«Le Lexique comprend environ 800 entrées, ainsi que quelques observations, et s'avère un outil fort utile pour toute personne appelée à traduire un document pour un ministère ou un organisme qui est conforme à la SIF.»--Introd. Cette publication a été signalée dans la Liste hebdomadaire 06-10. |
| 504 | |aBibliographie. |
| 691 | 07|aTerminologie|2gcpds |
| 691 | 07|aPersonne handicapée|2gcpds |
| 791 | |tFinancial Information Strategy (FIS) glossary |eeng|w(CaOODSP)9.590243 |
| 830 | #0|aBulletin de terminologie ;|vN° 249|w(CaOODSP)9.500140 |
| 856 | 40|ahttp://publications.gc.ca|qPDF|s434 Ko|uhttps://publications.gc.ca/collections/Collection/S52-2-249.pdf|yN° 249 |